[Event "Quebec-ch qual 2000+"]
[Site "Montreal CAN"]
[Date "2005.10.09"]
[Round "3"]
[White "Bolduc, Steve"]
[Black "Libersan, Thierry"]
[Result "1-0"]
[WhiteElo "2311"]
[BlackElo "2116"]
[PlyCount "63"]
[GameId "2160767910834449"]
[EventDate "2005.10.08"]
[EventType "swiss"]
[EventRounds "5"]
[EventCountry "CAN"]
[SourceTitle "EXT 2009"]
[Source "ChessBase"]
[SourceDate "2008.11.26"]
[SourceVersion "1"]
[SourceVersionDate "2008.11.26"]
[SourceQuality "1"]

1. d4 Nf6 2. c4 g6 3. Nc3 Bg7 4. e4 d6 5. Nf3 O-O 6. Be2 e5 7. O-O Nc6 8. d5 Ne7 9. Nd2 Nd7 10. b4 f5 11. a4 Rf7 12. a5 Bf8 13. Ba3 Nf6 14. c5 f4 15. b5 g5 16. b6 axb6 17. axb6 Ng6 18. bxc7 Rxc7 19. Nb5 Rg7 20. cxd6 g4 21. g3 f3 22. Bc4 Kh8 23. Bb2 Rxa1 24. Qxa1 Bxd6 25. Nxd6 Qxd6 26. Rc1 Qb8 27. Bd3 Rc7 28. Nc4 Nd7 29. Rd1 Rc5 30. Ba3 b5 31. Bxc5 bxc4 32. Ba7 1-0

[Event "Quebec-ch qual 2000+"]
[Site "Montreal CAN"]
[Date "2005.10.09"]
[Round "3"]
[White "Carrier, Claude"]
[Black "Cloutier, Mathieu"]
[Result "0-1"]
[WhiteElo "2045"]
[BlackElo "1984"]
[PlyCount "74"]
[GameId "2160767910834450"]
[EventDate "2005.10.08"]
[EventType "swiss"]
[EventRounds "5"]
[EventCountry "CAN"]
[SourceTitle "EXT 2009"]
[Source "ChessBase"]
[SourceDate "2008.11.26"]
[SourceVersion "1"]
[SourceVersionDate "2008.11.26"]
[SourceQuality "1"]

1. e4 c6 2. d4 d5 3. Nd2 dxe4 4. Nxe4 Nd7 5. Ng5 Ngf6 6. Bd3 e6 7. Qe2 Bd6 8. N1f3 O-O 9. Nxe6 Bb4+ 10. c3 fxe6 11. cxb4 Nb6 12. O-O Nbd5 13. a3 Qd6 14. Ne5 Ne7 15. Rd1 Nf5 16. Nc4 Qd5 17. Ne3 Qd6 18. Bc4 Nxd4 19. Qf1 Kh8 20. Nc2 e5 21. Be3 Ng4 22. h3 Nxe3 23. Nxe3 Qg6 24. Bd3 Qg5 25. Kh1 Be6 26. Be4 Qf4 27. Qd3 Qxf2 28. Rf1 Qh4 29. Nf5 Nxf5 30. Bxf5 Bc4 31. Qd7 Bxf1 32. Rxf1 Qc4 33. Rf3 Rf7 34. Qd6 Qd5 35. Qe6 Qxe6 36. Bxe6 Rxf3 37. gxf3 Rd8 0-1

[Event "Quebec-ch qual 2000+"]
[Site "Montreal CAN"]
[Date "2005.10.09"]
[Round "3"]
[White "Clark Foulquier, Stephen Philip"]
[Black "Benoit-Deschamps, Jean-Marc"]
[Result "0-1"]
[WhiteElo "1913"]
[BlackElo "2116"]
[PlyCount "77"]
[GameId "2160767910834451"]
[EventDate "2005.10.08"]
[EventType "swiss"]
[EventRounds "5"]
[EventCountry "CAN"]
[SourceTitle "EXT 2009"]
[Source "ChessBase"]
[SourceDate "2008.11.26"]
[SourceVersion "1"]
[SourceVersionDate "2008.11.26"]
[SourceQuality "1"]

1. d4 Nf6 2. Nf3 e6 3. Bf4 d5 4. e3 Bd6 5. Ne5 O-O 6. Bd3 c6 7. Nd2 Qc7 8. Bg3 Nbd7 9. f4 c5 10. c3 c4 11. Bb1 b5 12. Bh4 Bb7 13. Qf3 b4 14. g4 bxc3 15. bxc3 Qa5 16. g5 Bxe5 17. fxe5 Ne4 18. Bxe4 dxe4 19. Qe2 Qxc3 20. O-O Bd5 21. Rae1 Rac8 22. Qg2 Qd3 23. g6 fxg6 24. Be7 Rfe8 25. Bd6 c3 26. Nb3 Bxb3 27. axb3 c2 28. Ba3 Qxb3 29. Bc1 Qd5 30. Ba3 Qb3 31. Bc1 a5 32. Rf4 a4 33. Ref1 Rf8 34. Qg5 Rxf4 35. Rxf4 Qb1 36. Qe7 Qxc1+ 37. Kf2 Qd2+ 38. Kg3 Qxe3+ 39. Kh4 0-1

[Event "Quebec-ch qual 2000+"]
[Site "Montreal CAN"]
[Date "2005.10.09"]
[Round "3"]
[White "Miron, Francois"]
[Black "Trottier, Alain"]
[Result "1-0"]
[WhiteElo "2003"]
[BlackElo "1961"]
[PlyCount "53"]
[GameId "2160767910834453"]
[EventDate "2005.10.08"]
[EventType "swiss"]
[EventRounds "5"]
[EventCountry "CAN"]
[SourceTitle "EXT 2009"]
[Source "ChessBase"]
[SourceDate "2008.11.26"]
[SourceVersion "1"]
[SourceVersionDate "2008.11.26"]
[SourceQuality "1"]

1. e4 c6 2. d4 d5 3. e5 Bf5 4. Nc3 e6 5. g4 Bg6 6. h4 h5 7. g5 c5 8. Nge2 Nc6 9. f4 Bf5 10. Be3 g6 11. dxc5 Bg4 12. Qd2 a6 13. Na4 Nge7 14. Nb6 Rb8 15. b4 Nc8 16. Nxc8 Rxc8 17. Nd4 Na7 18. Bd3 Be7 19. O-O O-O 20. c3 Qd7 21. Qc2 Ra8 22. Bxg6 fxg6 23. Qxg6+ Kh8 24. f5 Rxf5 25. Nxf5 Bxc5 26. Bxc5 exf5 27. e6 1-0

[Event "Quebec-ch qual 2000+"]
[Site "Montreal CAN"]
[Date "2005.10.09"]
[Round "3"]
[White "Rodriguez, Aaron"]
[Black "Le Duin, Thierry"]
[Result "0-1"]
[WhiteElo "1915"]
[BlackElo "2053"]
[PlyCount "78"]
[GameId "2160767910834454"]
[EventDate "2005.10.08"]
[EventType "swiss"]
[EventRounds "5"]
[EventCountry "CAN"]
[SourceTitle "EXT 2009"]
[Source "ChessBase"]
[SourceDate "2008.11.26"]
[SourceVersion "1"]
[SourceVersionDate "2008.11.26"]
[SourceQuality "1"]

1. e4 d5 2. exd5 Nf6 3. d4 Bg4 4. Be2 Bxe2 5. Nxe2 Qxd5 6. O-O Nc6 7. Nbc3 Qh5 8. Nf4 Qf5 9. Be3 O-O-O 10. Nfe2 e5 11. a3 exd4 12. Nxd4 Nxd4 13. Bxd4 c5 14. Ne2 cxd4 15. Nxd4 Qg4 16. Qxg4+ Nxg4 17. Rad1 Bc5 18. c3 Rd7 19. h3 Nf6 20. Nf5 Rxd1 21. Rxd1 g6 22. Ng3 Rd8 23. Rxd8+ Kxd8 24. Kf1 Kd7 25. b4 Bd6 26. Ne2 Ne4 27. Ke1 Be5 28. c4 Bb2 29. f3 Nc3 30. Nxc3 Bxc3+ 31. Ke2 Bb2 32. a4 Bc3 33. b5 Kd6 34. Kd3 Bf6 35. a5 Kc5 36. f4 h5 37. g4 hxg4 38. hxg4 b6 39. a6 Ba1 0-1

[Event "Quebec-ch qual 2000+"]
[Site "Montreal CAN"]
[Date "2005.10.09"]
[Round "3"]
[White "Sicotte, Marc"]
[Black "Forget, David"]
[Result "1-0"]
[WhiteElo "2031"]
[BlackElo "2047"]
[PlyCount "37"]
[GameId "2160767910834457"]
[EventDate "2005.10.08"]
[EventType "swiss"]
[EventRounds "5"]
[EventCountry "CAN"]
[SourceTitle "EXT 2009"]
[Source "ChessBase"]
[SourceDate "2008.11.26"]
[SourceVersion "1"]
[SourceVersionDate "2008.11.26"]
[SourceQuality "1"]

1. e4 e6 2. d4 d5 3. Nd2 c5 4. Ngf3 cxd4 5. Nxd4 Nc6 6. c3 Nxd4 7. cxd4 dxe4 8. Nxe4 Bb4+ 9. Nc3 Ne7 10. Qa4+ Nc6 11. Bb5 Bd7 12. O-O Nxd4 13. Bxd7+ Qxd7 14. Qxb4 Nc2 15. Qg4 Nxa1 16. Qxg7 O-O-O 17. Bf4 Nc2 18. Qe5 Qd4 19. Qc7# 1-0

[Event "Quebec-ch qual 2000+"]
[Site "Montreal CAN"]
[Date "2005.10.09"]
[Round "3"]
[White "Tomb, Maroun"]
[Black "Ye, Ling Feng"]
[Result "1/2-1/2"]
[WhiteElo "2093"]
[BlackElo "2042"]
[PlyCount "103"]
[GameId "2160767910834458"]
[EventDate "2005.10.08"]
[EventType "swiss"]
[EventRounds "5"]
[EventCountry "CAN"]
[SourceTitle "EXT 2009"]
[Source "ChessBase"]
[SourceDate "2008.11.26"]
[SourceVersion "1"]
[SourceVersionDate "2008.11.26"]
[SourceQuality "1"]

1. c4 Nf6 2. Nc3 g6 3. g3 Bg7 4. Bg2 O-O 5. d4 d6 6. Nf3 Nc6 7. d5 Na5 8. Qd3 c5 9. O-O a6 10. Nd2 Rb8 11. Rb1 b5 12. cxb5 axb5 13. b4 cxb4 14. Rxb4 Ba6 15. Nxb5 Nd7 16. Qb1 Nc5 17. Ba3 Na4 18. Rxa4 Bxb5 19. Rb4 Bxe2 20. Rxb8 Qxb8 21. Qxb8 Rxb8 22. Re1 Nc4 23. Rxe2 Nxa3 24. Rxe7 Rb2 25. Re8+ Bf8 26. Ne4 Kg7 27. Rd8 Rxa2 28. Bf1 Ra1 29. Kg2 Rd1 30. Nxd6 Nc2 31. Ne8+ Kh6 32. d6 Ne1+ 33. Kh3 Nf3 34. Ba6 Ng5+ 35. Kg2 Ne4 36. h4 Rd2 37. Kf3 f5 38. g4 Rxf2+ 39. Ke3 Ra2 40. Be2 fxg4 41. Bxg4 Ra4 42. Bf3 Nc5 43. Rc8 Ra3+ 44. Ke2 Ne6 45. Bg4 Nf4+ 46. Kf1 Rd3 47. d7 Be7 48. Rc4 Nd5 49. Re4 Bd8 50. Be2 Ne3+ 51. Kg1 Rxd7 52. h5 1/2-1/2

[Event "Quebec-ch qual 2000+"]
[Site "Montreal CAN"]
[Date "2005.10.10"]
[Round "5"]
[White "Le Duin, Thierry"]
[Black "Bolduc, Steve"]
[Result "0-1"]
[WhiteElo "2053"]
[BlackElo "2311"]
[PlyCount "88"]
[GameId "2160767910834461"]
[EventDate "2005.10.08"]
[EventType "swiss"]
[EventRounds "5"]
[EventCountry "CAN"]
[SourceTitle "EXT 2022"]
[Source "ChessBase"]
[SourceDate "2021.10.06"]
[SourceVersion "1"]
[SourceVersionDate "2021.10.06"]
[SourceQuality "1"]

1. d4 Nf6 2. Nf3 e6 3. Bg5 h6 4. Bh4 b6 5. e3 Bb7 6. Nbd2 d6 7. c3 Nbd7 8. Bc4 e5 9. Qb3 Qe7 10. O-O-O e4 11. Ng1 g5 12. Bg3 Bg7 13. f3 d5 14. Bf1 Rc8 15. fxe4 Nxe4 16. Nxe4 Qxe4 17. Re1 O-O 18. Qc2 Qxc2+ 19. Kxc2 c5 20. Bb5 Rfd8 21. Nf3 c4 22. Kc1 Nf6 23. Be5 Ne4 24. Bxg7 Kxg7 25. Nd2 Nf2 26. Rhf1 Nd3+ 27. Kb1 Nxe1 28. Rxe1 Bc6 29. Bxc6 Rxc6 30. e4 Re8 31. e5 Rce6 32. g4 f6 33. Nf3 fxe5 34. Nxe5 Rf6 35. Re2 Rf1+ 36. Kc2 Ref8 37. Nc6 R8f2 38. Kd2 Rxe2+ 39. Kxe2 Rb1 40. Nxa7 Rxb2+ 41. Kd1 Kf7 42. Nc8 Rxa2 43. Nxb6 Ke6 44. h3 Ra6 0-1

[Event "Quebec-ch qual U1200"]
[Site "Montreal CAN"]
[Date "2005.10.08"]
[Round "1"]
[White "Ironman, Jules"]
[Black "Dubois, Mathieu"]
[Result "0-1"]
[WhiteElo "1062"]
[BlackElo "1189"]
[PlyCount "54"]
[GameId "2160767910834462"]
[EventDate "2005.10.08"]
[EventType "swiss"]
[EventRounds "3"]
[EventCountry "CAN"]
[SourceTitle "EXT 2009"]
[Source "ChessBase"]
[SourceDate "2008.11.26"]
[SourceVersion "1"]
[SourceVersionDate "2008.11.26"]
[SourceQuality "1"]

1. e4 e5 2. Nf3 Nc6 3. Bb5 Nge7 4. c3 a6 5. Ba4 b5 6. Bc2 d5 7. d4 Bg4 8. Qd3 f5 9. Qe3 dxe4 10. Nxe5 Nxe5 11. dxe5 Qd5 12. Qd4 c5 13. Qxd5 Nxd5 14. O-O c4 15. f3 exf3 16. gxf3 Bh3 17. Rd1 Bc5+ 18. Kh1 Ne3 19. Bxe3 Bxe3 20. Nd2 Rd8 21. Nf1 Bxf1 22. Rxf1 Rd2 23. Bxf5 O-O 24. Be4 Rfd8 25. b3 Bf4 26. bxc4 Rxh2+ 27. Kg1 Rdd2 0-1

[Event "Quebec-ch qual U1200"]
[Site "Montreal CAN"]
[Date "2005.10.08"]
[Round "1"]
[White "Kieu, Audree Anne"]
[Black "Lawson, Bianca"]
[Result "1-0"]
[WhiteElo "900"]
[BlackElo "1130"]
[PlyCount "111"]
[GameId "2160767910834463"]
[EventDate "2005.10.08"]
[EventType "swiss"]
[EventRounds "3"]
[EventCountry "CAN"]
[SourceTitle "EXT 2009"]
[Source "ChessBase"]
[SourceDate "2008.11.26"]
[SourceVersion "1"]
[SourceVersionDate "2008.11.26"]
[SourceQuality "1"]

1. e4 e5 2. Nf3 Nc6 3. Bb5 Bc5 4. Nc3 Nge7 5. O-O O-O 6. d3 a6 7. Bc4 d6 8. Bd5 Nxd5 9. exd5 Nb4 10. a3 Nxc2 11. Qxc2 Bg4 12. Qe2 Qd7 13. Be3 Bd4 14. Bxd4 exd4 15. Ne4 Rfe8 16. h3 Bh5 17. Qd1 Qb5 18. g4 Bg6 19. Qc2 Rac8 20. Rac1 Qxd5 21. Rfe1 f5 22. gxf5 Bxf5 23. Qc4 Qxc4 24. Rxc4 d5 25. Rxd4 dxe4 26. dxe4 Bxh3 27. Rd3 Be6 28. Ng5 h6 29. Nxe6 Rxe6 30. e5 Kf8 31. Rd7 b6 32. f4 Re7 33. Rxe7 Kxe7 34. f5 Rf8 35. Rf1 h5 36. Kg2 a5 37. Kg3 g6 38. f6+ Ke6 39. Kf4 g5+ 40. Kxg5 Kxe5 41. Kg6 h4 42. Kg7 Rd8 43. f7 Rd7 44. Kg8 Rxf7 45. Rxf7 Kd6 46. Rh7 Kc6 47. Rxh4 Kb5 48. Kf7 c5 49. Kf6 c4 50. Ke5 Kc5 51. Rh3 a4 52. Rc3 b5 53. Ke4 b4 54. axb4+ Kxb4 55. Kd4 Kb5 56. Rxc4 1-0

[Event "Quebec-ch qual U1200"]
[Site "Montreal CAN"]
[Date "2005.10.08"]
[Round "1"]
[White "Levesque, Jean Luc"]
[Black "Larochelle, Moise"]
[Result "1-0"]
[WhiteElo "1012"]
[BlackElo "1148"]
[PlyCount "53"]
[GameId "2160767910834464"]
[EventDate "2005.10.08"]
[EventType "swiss"]
[EventRounds "3"]
[EventCountry "CAN"]
[SourceTitle "EXT 2009"]
[Source "ChessBase"]
[SourceDate "2008.11.26"]
[SourceVersion "1"]
[SourceVersionDate "2008.11.26"]
[SourceQuality "1"]

1. e4 e6 2. Nf3 d5 3. exd5 exd5 4. d4 Be7 5. Nc3 Nf6 6. Bd3 c6 7. O-O Bg4 8. Re1 O-O 9. Bg5 Nbd7 10. Re3 h6 11. Bh4 Re8 12. Qd2 Bxf3 13. Rxf3 Qb6 14. Bf5 Ne4 15. Nxe4 Bxh4 16. Nd6 Qxb2 17. Re1 Rxe1+ 18. Qxe1 Nf6 19. Rb3 Qxa2 20. Rxb7 Rd8 21. g3 Bxg3 22. hxg3 g6 23. Bxg6 Rf8 24. Bxf7+ Kh8 25. Qe7 Qa1+ 26. Kg2 Qxd4 27. Qxf8+ 1-0

[Event "Quebec-ch qual U1200"]
[Site "Montreal CAN"]
[Date "2005.10.08"]
[Round "2"]
[White "Dubois, Mathieu"]
[Black "Levesque, Jean Luc"]
[Result "0-1"]
[WhiteElo "1189"]
[BlackElo "1012"]
[PlyCount "94"]
[GameId "2160767910834465"]
[EventDate "2005.10.08"]
[EventType "swiss"]
[EventRounds "3"]
[EventCountry "CAN"]
[SourceTitle "EXT 2009"]
[Source "ChessBase"]
[SourceDate "2008.11.26"]
[SourceVersion "1"]
[SourceVersionDate "2008.11.26"]
[SourceQuality "1"]

1. c4 Nf6 2. Nc3 g6 3. d4 d5 4. e3 Bg7 5. Nf3 Bg4 6. h3 Bxf3 7. Qxf3 c6 8. cxd5 cxd5 9. Nxd5 Qxd5 10. Be2 O-O 11. Qxd5 Nxd5 12. Bd2 Nc6 13. Rc1 Rac8 14. a3 e5 15. e4 Nf4 16. d5 Nd4 17. Bxf4 exf4 18. Rxc8 Rxc8 19. Bd1 Nc2+ 20. Bxc2 Rxc2 21. O-O Bxb2 22. Rd1 Rc1 23. Rxc1 Bxc1 24. a4 Kf8 25. f3 Ke7 26. Kf1 Kd6 27. Ke1 Bb2 28. Kd2 Kc5 29. Kc2 Be5 30. Kb3 a5 31. Ka3 b5 32. axb5 Kxb5 33. Kb3 a4+ 34. Ka3 Bd6+ 35. Ka2 Kb4 36. Kb2 a3+ 37. Ka2 Kc3 38. e5 Bxe5 39. Kxa3 Kc4 40. Ka2 Kxd5 41. Kb1 Kd4 42. Kc1 Ke3 43. Kc2 Kf2 44. Kd3 Kxg2 45. Ke4 h5 46. Kxe5 Kxf3 47. Kf6 Kg3 0-1

[Event "Quebec-ch qual U1200"]
[Site "Montreal CAN"]
[Date "2005.10.08"]
[Round "2"]
[White "Larochelle, Moise"]
[Black "Baril, Andre"]
[Result "1-0"]
[WhiteElo "1148"]
[BlackElo "895"]
[PlyCount "49"]
[GameId "2160767910834467"]
[EventDate "2005.10.08"]
[EventType "swiss"]
[EventRounds "3"]
[EventCountry "CAN"]
[SourceTitle "EXT 2009"]
[Source "ChessBase"]
[SourceDate "2008.11.26"]
[SourceVersion "1"]
[SourceVersionDate "2008.11.26"]
[SourceQuality "1"]

1. c4 c5 2. Nc3 Nf6 3. Nf3 Nc6 4. d4 cxd4 5. Nxd4 Nxd4 6. Qxd4 e6 7. Bf4 d6 8. O-O-O e5 9. Bxe5 Qc7 10. Nb5 Qc5 11. Qxc5 dxc5 12. Nc7+ Ke7 13. Nxa8 Ne4 14. Rd5 Nxf2 15. Rg1 Ng4 16. Bd6+ Kf6 17. Bf4 h6 18. Rd8 Be6 19. e4 Ne5 20. Bxe5+ Ke7 21. Rb8 b6 22. Rb7+ Kd8 23. Be2 f6 24. Rd1+ Kc8 25. Rb8# 1-0

[Event "Quebec-ch qual U1200"]
[Site "Montreal CAN"]
[Date "2005.10.08"]
[Round "2"]
[White "Lawson, Bianca"]
[Black "Ironman, Jules"]
[Result "1-0"]
[WhiteElo "1130"]
[BlackElo "1062"]
[PlyCount "102"]
[GameId "2160767910834468"]
[EventDate "2005.10.08"]
[EventType "swiss"]
[EventRounds "3"]
[EventCountry "CAN"]
[SourceTitle "EXT 2009"]
[Source "ChessBase"]
[SourceDate "2008.11.26"]
[SourceVersion "1"]
[SourceVersionDate "2008.11.26"]
[SourceQuality "1"]

1. e4 c5 2. Nf3 d6 3. d4 cxd4 4. Nxd4 Nf6 5. Nc3 e6 6. Be3 a6 7. Be2 Bd7 8. Qd2 Nc6 9. O-O Be7 10. a3 Qc7 11. Rad1 O-O 12. Bg5 Rad8 13. Nf3 Ne8 14. Bxe7 Nxe7 15. Rfe1 Ng6 16. Bf1 f5 17. exf5 exf5 18. Qd5+ Kh8 19. Ng5 Bc6 20. Qd4 Bd7 21. Bc4 Qc5 22. Nf7+ Rxf7 23. Bxf7 Qxd4 24. Rxd4 Nf6 25. Bxg6 hxg6 26. Rxd6 Re8 27. Rxe8+ Bxe8 28. Rd8 Kh7 29. Nd5 Nxd5 30. Rxd5 Bc6 31. Rd4 Kg8 32. f3 Kf7 33. Kf2 Kg8 34. c4 Kh7 35. g4 fxg4 36. fxg4 Kh6 37. h4 Kh7 38. Rd8 g5 39. hxg5 Kg6 40. Rg8 Kxg5 41. Rxg7+ Kf6 42. Rg8 Kf7 43. Rd8 Ke7 44. Rd2 Be8 45. Kg3 Bf7 46. c5 Ke8 47. b4 Ke7 48. Kf4 Ke8 49. g5 Ke7 50. Rd6 Be8 51. Ke5 Bf7 1-0

[Event "Quebec-ch qual U1200"]
[Site "Montreal CAN"]
[Date "2005.10.09"]
[Round "3"]
[White "Baril, Andre"]
[Black "Lawson, Bianca"]
[Result "0-1"]
[WhiteElo "895"]
[BlackElo "1130"]
[PlyCount "74"]
[GameId "2160767910834471"]
[EventDate "2005.10.08"]
[EventType "swiss"]
[EventRounds "3"]
[EventCountry "CAN"]
[SourceTitle "EXT 2009"]
[Source "ChessBase"]
[SourceDate "2008.11.26"]
[SourceVersion "1"]
[SourceVersionDate "2008.11.26"]
[SourceQuality "1"]

1. c4 e5 2. Nc3 Nc6 3. g3 Bc5 4. Bg2 Nge7 5. a3 a6 6. Nf3 d6 7. d3 O-O 8. Ne4 Bb6 9. O-O d5 10. cxd5 Nxd5 11. Bd2 Be6 12. Nfg5 h6 13. Nxe6 fxe6 14. b4 Nf6 15. Nc5 Bxc5 16. bxc5 Qd7 17. f4 Qd4+ 18. Kh1 Qxc5 19. f5 Ng4 20. fxe6 Nf2+ 21. Rxf2 Rxf2 22. Bf3 Rf8 23. Be1 Rf1+ 24. Kg2 Rg1+ 25. Kh3 Qe7 26. Bxc6 Qxe6+ 27. Kh4 Qxc6 28. Qb3+ Kh8 29. Qb4 Qf6+ 30. Kh3 Qf1+ 31. Kg4 h5+ 32. Kxh5 Qxe2+ 33. Kh4 Qxh2+ 34. Kg4 Rf4+ 35. Qxf4 exf4 36. Kxf4 Qh6+ 37. Kf3 Qf6+ 0-1

[Event "Quebec-ch qual U1200"]
[Site "Montreal CAN"]
[Date "2005.10.09"]
[Round "3"]
[White "Cote, Philippe"]
[Black "Guentchev, Radoslav"]
[Result "0-1"]
[WhiteElo "1150"]
[BlackElo "1096"]
[PlyCount "54"]
[GameId "2160767910834472"]
[EventDate "2005.10.08"]
[EventType "swiss"]
[EventRounds "3"]
[EventCountry "CAN"]
[SourceTitle "EXT 2009"]
[Source "ChessBase"]
[SourceDate "2008.11.26"]
[SourceVersion "1"]
[SourceVersionDate "2008.11.26"]
[SourceQuality "1"]

1. d4 d5 2. Nf3 Nf6 3. e3 Nbd7 4. Bd3 e6 5. b3 b6 6. Bb2 Bb7 7. O-O Be7 8. Nbd2 O-O 9. Ne5 h6 10. f4 Ne4 11. Nxe4 dxe4 12. Be2 Nxe5 13. fxe5 Bg5 14. Qd2 Be7 15. Bh5 a5 16. Qf2 Ba6 17. c4 b5 18. Bxf7+ Kh8 19. Qg3 bxc4 20. Qg6 c3 21. Bxc3 Bxf1 22. Rxf1 Bg5 23. Kh1 Bxe3 24. Rf6 gxf6 25. exf6 Rxf7 26. Qxf7 Qg8 27. Qxc7 Qg4 0-1

[Event "Quebec-ch qual U1200"]
[Site "Montreal CAN"]
[Date "2005.10.09"]
[Round "3"]
[White "Dubois, Mathieu"]
[Black "Walker, Claude"]
[Result "1-0"]
[WhiteElo "1189"]
[BlackElo "1194"]
[PlyCount "97"]
[GameId "2160767910834473"]
[EventDate "2005.10.08"]
[EventType "swiss"]
[EventRounds "3"]
[EventCountry "CAN"]
[SourceTitle "EXT 2009"]
[Source "ChessBase"]
[SourceDate "2008.11.26"]
[SourceVersion "1"]
[SourceVersionDate "2008.11.26"]
[SourceQuality "1"]

1. e4 e6 2. d4 d5 3. e5 c5 4. c3 Nc6 5. Nf3 Qb6 6. b3 cxd4 7. cxd4 Nge7 8. Bb2 Nf5 9. Qd3 a6 10. Nbd2 Bd7 11. a3 Be7 12. Be2 O-O 13. O-O f6 14. Rac1 Rac8 15. b4 fxe5 16. dxe5 Nxb4 17. Qb3 Rxc1 18. Rxc1 Bc5 19. Rxc5 Qxc5 20. Qxb4 Qxb4 21. axb4 Ba4 22. Nd4 Nxd4 23. Bxd4 Bb5 24. Bg4 Kf7 25. Bb6 Rc8 26. h3 g6 27. Nf3 h5 28. Ng5+ Ke7 29. Bxe6 Rc1+ 30. Kh2 Bc4 31. Bc8 Rd1 32. Bxb7 d4 33. Bc5+ Kd7 34. e6+ Bxe6 35. Nxe6 Kxe6 36. Kg3 Ke5 37. Kf3 Rc1 38. Bxa6 Rc3+ 39. Ke2 Kd5 40. Bb7+ Kc4 41. Ba6+ Kd5 42. Bf8 Rc2+ 43. Ke1 Rc8 44. Bxc8 Kc4 45. Kd2 Kd5 46. b5 Kc4 47. b6 Kb5 48. b7 Kc6 49. b8=Q 1-0

[Event "Quebec-ch qual U1200"]
[Site "Montreal CAN"]
[Date "2005.10.09"]
[Round "3"]
[White "Ironman, Jules"]
[Black "Raymond, Gilles N"]
[Result "1-0"]
[WhiteElo "1062"]
[BlackElo "1064"]
[PlyCount "63"]
[GameId "2160767910834474"]
[EventDate "2005.10.08"]
[EventType "swiss"]
[EventRounds "3"]
[EventCountry "CAN"]
[SourceTitle "EXT 2009"]
[Source "ChessBase"]
[SourceDate "2008.11.26"]
[SourceVersion "1"]
[SourceVersionDate "2008.11.26"]
[SourceQuality "1"]

1. e4 c5 2. Nf3 e6 3. d4 cxd4 4. Nxd4 Nf6 5. Nc3 Nc6 6. Be2 d6 7. Be3 Be7 8. O-O O-O 9. f4 Bd7 10. a3 Qc7 11. h3 e5 12. Nf5 Bxf5 13. exf5 e4 14. Nd5 Qd7 15. Nxe7+ Nxe7 16. g4 Ned5 17. Bc1 e3 18. c4 Nb6 19. Bxe3 Qc6 20. Rc1 Rad8 21. Qb3 Rfe8 22. Bf3 Qc7 23. Bxb6 axb6 24. Qc2 Re7 25. Rfe1 Rde8 26. Rxe7 Rxe7 27. Kh2 Re3 28. Kg2 Qe7 29. Qd2 d5 30. Kf2 Ne4+ 31. Bxe4 Qxe4 32. Qxe3 1-0

[Event "Quebec-ch qual U1200"]
[Site "Montreal CAN"]
[Date "2005.10.09"]
[Round "3"]
[White "Levesque, Jean Luc"]
[Black "Lambert, Jacques"]
[Result "0-1"]
[WhiteElo "1012"]
[BlackElo "1133"]
[PlyCount "52"]
[GameId "2160767910834476"]
[EventDate "2005.10.08"]
[EventType "swiss"]
[EventRounds "3"]
[EventCountry "CAN"]
[SourceTitle "EXT 2009"]
[Source "ChessBase"]
[SourceDate "2008.11.26"]
[SourceVersion "1"]
[SourceVersionDate "2008.11.26"]
[SourceQuality "1"]

1. Nf3 c5 2. e4 d6 3. d4 cxd4 4. Nxd4 e5 5. Nb3 a6 6. Nc3 Nf6 7. f3 Be6 8. Be3 d5 9. Bc5 Bxc5 10. Nxc5 Qb6 11. Nxe6 fxe6 12. Bd3 d4 13. Ne2 Qa5+ 14. c3 dxc3 15. Nxc3 Qb6 16. Qc2 O-O 17. O-O-O Rc8 18. Kb1 Nc6 19. Qb3 Qxb3 20. axb3 b5 21. Be2 Nd4 22. b4 a5 23. Nxb5 Nxe2 24. Rhe1 Nd4 25. Nxd4 exd4 26. bxa5 Rc4 0-1

[Event "Quebec-ch qual U1400"]
[Site "Montreal CAN"]
[Date "2005.10.08"]
[Round "1"]
[White "Charbonneau, Olivier"]
[Black "Breton, Jules"]
[Result "1-0"]
[WhiteElo "1276"]
[BlackElo "1368"]
[PlyCount "89"]
[GameId "2160767910834477"]
[EventDate "2005.10.08"]
[EventType "swiss"]
[EventRounds "7"]
[EventCountry "CAN"]
[SourceTitle "EXT 2009"]
[Source "ChessBase"]
[SourceDate "2008.11.26"]
[SourceVersion "1"]
[SourceVersionDate "2008.11.26"]
[SourceQuality "1"]

1. Nf3 d5 2. c4 e6 3. cxd5 exd5 4. g3 g6 5. Bg2 Bg7 6. O-O Nf6 7. d3 O-O 8. Be3 Ng4 9. Bd4 a6 10. h3 Nh6 11. Na3 b6 12. e3 Bb7 13. Rc1 c5 14. Bc3 Nc6 15. Qc2 Rc8 16. Qe2 Re8 17. d4 Nf5 18. Nc2 Nd6 19. b3 Ne4 20. Bb2 f5 21. Rb1 Nb4 22. Nxb4 cxb4 23. Rbc1 Re7 24. Rxc8 Qxc8 25. a3 a5 26. axb4 axb4 27. Ra1 Nc3 28. Qd2 Rc7 29. Qd3 Ne4 30. Ne1 h5 31. Ra7 Kh7 32. Kf1 Nc5 33. dxc5 Bxb2 34. cxb6 Rc1 35. Bxd5 Rxe1+ 36. Kxe1 Qc1+ 37. Ke2 Bc3 38. Rxb7+ Kh6 39. Qd1 Qb2+ 40. Kf3 Bf6 41. Rf7 g5 42. b7 g4+ 43. hxg4 Qe5 44. Rxf6+ Qxf6 45. b8=Q 1-0

[Event "Quebec-ch qual U1400"]
[Site "Montreal CAN"]
[Date "2005.10.08"]
[Round "1"]
[White "Fabry, Christian"]
[Black "Nantel, Felix"]
[Result "1-0"]
[WhiteElo "1379"]
[BlackElo "1278"]
[PlyCount "93"]
[GameId "2160767910834478"]
[EventDate "2005.10.08"]
[EventType "swiss"]
[EventRounds "7"]
[EventCountry "CAN"]
[SourceTitle "EXT 2009"]
[Source "ChessBase"]
[SourceDate "2008.11.26"]
[SourceVersion "1"]
[SourceVersionDate "2008.11.26"]
[SourceQuality "1"]

1. e4 e6 2. d4 d5 3. e5 c5 4. c3 Nc6 5. Nf3 Qb6 6. Qd3 Be7 7. Be2 Nh6 8. O-O f6 9. Rd1 Nf7 10. exf6 Bxf6 11. dxc5 Qxc5 12. Be3 Qd6 13. Nbd2 O-O 14. Nb3 Re8 15. Rd2 Nfe5 16. Nxe5 Nxe5 17. Qb5 Qd7 18. Re1 b6 19. Bf4 Ng6 20. Bg3 Bg5 21. Rd4 Bf6 22. Rg4 Ne5 23. Bxe5 Bxe5 24. Qb4 Bb7 25. Bb5 Bc6 26. Bxc6 Qxc6 27. Rxe5 Qc7 28. Reg5 Re7 29. Qf4 Qd7 30. Nd4 Rf8 31. Qe3 e5 32. Nf3 Rfe8 33. h3 Qd6 34. Rh4 Qf6 35. Rhh5 h6 36. Rxe5 Qf7 37. Qd4 Rc8 38. Rxd5 Ree8 39. Rhf5 Qg6 40. Rd7 Rf8 41. Nh4 Qh7 42. Qd5+ Kh8 43. Qe6 Rfe8 44. Ng6+ Qxg6 45. Qxg6 Rg8 46. Rff7 Rc6 47. Rxg7 1-0